00867nam a2200253 a 4500001001000000003000400010005001700014008004100031020001500072040002500087082001700112100003400129245004900163250001100212260006200223300002800285500002200313500001900335500006200354590002700416942001400443952014100457999001500598000003748OSt20240229073954.0090713s2001 dr a 000 0 spa d a8489548242 aDO-SdBNPbspacBNPHU a641.3bV422f1 aVega, Bernardo,d1938 -9322214aLas frutas de los taínos /cBernardo Vega. a2a ed. aSanto Domingo, :bFundación Cultural Dominicana,c2001. a226 p. :bil. ;c31 cm. aIncluye índice. aIncluye notas. aIncluye datos biográficos del autor en la contrasolapa. aInventariado, 2020/ YL 2ddccLBS1 00102ddc51718PDaBNPHUbBNPHUcHDd2008-04-23eCompra Feria del Librog1.00l0o641.3 V422fp2020-0214r2020-10-23w2020-10-23yLFPD c3570d3570